| 000 | 00710nam a2200229Ia 4500 | ||
|---|---|---|---|
| 003 | OSt | ||
| 005 | 20220928123959.0 | ||
| 006 | a|||||r|||| 00| 0 | ||
| 007 | ta | ||
| 008 | 220927b |||||||| |||| 00| 0 eng d | ||
| 024 | _a37614 | ||
| 037 | _cTextual | ||
| 040 |
_aSDCL _cSDCL _beng |
||
| 041 |
_2eng _aeng |
||
| 082 | _aX9(J4):9N2.61'N2, M0 | ||
| 100 |
_aCooper Frederick _9462970 |
||
| 245 | 0 |
_aFrom slaves to squatters _b Plantation labour and agriculture in Zanzibar and Coastal Kenya 1890-1925 |
|
| 260 |
_aNew Haven _b Yale University Press _c1980 |
||
| 300 |
_axv,328p _ccm. |
||
| 942 |
_hX9(J4):9N2.61'N2, M0 _cTEXL _2CC |
||
| 999 |
_c775918 _d775918 |
||